| 000 | 00631nam a2200277Ia 4500 | ||
|---|---|---|---|
| 005 | 20260401125713.0 | ||
| 008 | 008 300114s9999 xx 000 0 eng d | ||
| 020 | _a9788122446869 | ||
| 037 | _aEBOOK | ||
| 040 | _aCRL | ||
| 040 | _beng | ||
| 040 | _cCRL | ||
| 041 | _2eng | ||
| 041 | _aeng | ||
| 084 | _qCRL | ||
| 100 |
_aSreekrishna, V. _91233873 |
||
| 245 | 0 | _aComprehensive Nanobiotechnology | |
| 250 | _a1 | ||
| 260 | _bNew Age | ||
| 260 | _c2010 | ||
| 650 | _aBiology | ||
| 856 | _uhttps://digital.elib4u.com/product-details/367059 | ||
| 942 | _cEBOOK | ||
| 999 |
_c1847704 _d1847704 |
||